| 000 | 01073nam a2200217 i 4500 | ||
|---|---|---|---|
| 001 | 000920803 | ||
| 003 | AM-YeHGA | ||
| 005 | 20250617145655.0 | ||
| 008 | 020227s1982 ru r 000 0 rus d | ||
| 040 | _aAM-YeHGA | ||
| 041 | 1 |
_arus _heng |
|
| 245 | 0 | 0 |
_aДеформация и свойства материалов для авиационной и космической техники : _bТруды международной конференции, Хоулдсворт, 1977 / _cПер. с англ. под ред. С. Г. Глазунова. |
| 246 | 1 | 4 | _aForging and properties of aerospace materials |
| 260 |
_aМосква : _bМеталлургия, _c1982. |
||
| 300 |
_a374 с. : _bил. ; _c22 см. |
||
| 504 | _aБиблиогр. в конце докл. | ||
| 653 | 0 | _aАвиационные материалы - Физико-механические свойства - Сборники | |
| 700 | 1 |
_aГлазунов, Сергей Георгиевич _eред. _4edt |
|
| 711 | 2 | _aМеждународная конференция | |
| 090 | _c318206 | ||
| 999 |
_c316479 _d316479 |
||